| 000 | 05445cam a22018014i 4500 | ||
|---|---|---|---|
| 003 | PE-LiUPU | ||
| 005 | 20250813165723.0 | ||
| 008 | 150625s1991 mx a r 000 0 spa d | ||
| 020 | _a9682433193 | ||
| 020 | _a9789682433191 | ||
| 035 | _a(Sirsi) i9789682433191 | ||
| 040 |
_aPE-LiUPU _bspa _cPE-LiUPU _dPE-LiUPU _erda |
||
| 049 | _aPRUA | ||
| 082 | 0 | 4 |
_a658.15937 _bG _221 |
| 100 | 1 |
_aMarti, William B., _eautor. |
|
| 245 | 1 | 0 |
_aGuía de servicios en restaurantes : _bcalidad en los servicios de alimentos / _cWilliam B. Martin. |
| 264 | 1 |
_aMéxico : _bTrillar , _c1991. |
|
| 300 |
_a82 páginas : _bilustraciones ; _c26 centímetros. |
||
| 336 |
_atext _2rdacontent |
||
| 337 |
_aunmediated _2rdamedia |
||
| 338 |
_avolume _2rdacarrier |
||
| 490 | 0 | _aManuales didácticos de administración | |
| 505 | 0 | _aElija ahora -- Lo que sabe y lo que necesita aprender -- Inventario de habilidades de servicio -- ¿Qué es un servicio de calidad al cliente? -- Ejercicio sobre el servicio de calidad -- Cuatro consejos de servicio -- Por qué es importante para usted tener éxito en el servicio a clientes -- oportunidad -- Ejercicio. Corriente de servicio -- ¡Anticípese a las necesidades de sus clientes! -- Diga lo adecuado -- Retroalimentación del cliente -- ¡Cubra todas las bases para ganar una propina! -- Muchos camareros no llegan a primera base. Debido a su actitud -- Identifique las necesidades especiales del cliente -- Las cinco necesidades básicas -- Juegue para ganar -- Caso 1. El camarero nuevo -- Seguimiento -- Muestra de un diagrama de un comedor -- Ejercicios del diagrama de los números de mesa -- Menú diario -- Conozca sus precios -- Abreviaturas y/o claves -- Abreviaturas y/o claves de bebidas -- Seguimiento -- las ventas y la habilidad de relacionarse con los clientes -- Trasmita su mejor imagen -- Ejercicio para el lenguaje corporal -- Escuche el sonido de su propia voz -- Decir lo adecuado. para lograr la venta -- Ventas sugerentes quiere decir -- Explique a los clientes las características y beneficios -- Práctica de habilidades de venta -- Caso 2. El manejo de las quejas del cliente -- Ejercicio final -- Notas y comentarios del autor. | |
| 526 | _aP203 | ||
| 526 | _aP200 | ||
| 526 | _aSEG65 | ||
| 526 | _aSEG64 | ||
| 526 | _aSEG63 | ||
| 526 | _aSEG62 | ||
| 526 | _aSEG61 | ||
| 526 | _aSEG60 | ||
| 526 | _aSEG59 | ||
| 526 | _aSEG58 | ||
| 526 | _aSEG57 | ||
| 526 | _aSEG56 | ||
| 526 | _aSEG55 | ||
| 526 | _aSEG54 | ||
| 526 | _aSEG53 | ||
| 526 | _aSEG52 | ||
| 526 | _aSEG51 | ||
| 526 | _aSEG50 | ||
| 526 | _aSEG49 | ||
| 526 | _aSEG48 | ||
| 526 | _aSEG47 | ||
| 526 | _aSEG46 | ||
| 526 | _aSEG24 | ||
| 526 | _aSEG23 | ||
| 526 | _aSEG22 | ||
| 526 | _aSEG21 | ||
| 526 | _aSEG20 | ||
| 526 | _aSEG19 | ||
| 526 | _aSEG18 | ||
| 526 | _aSEG17 | ||
| 526 | _aSEG16 | ||
| 526 | _aSEG14 | ||
| 526 | _aSEG13 | ||
| 526 | _aSEG12 | ||
| 526 | _aSEG11 | ||
| 526 | _aSEG10 | ||
| 526 | _aSEG09 | ||
| 526 | _aSEG06 | ||
| 526 | _aSEG05 | ||
| 526 | _aSEG04 | ||
| 526 | _aSEG03 | ||
| 526 | _aSEG02 | ||
| 526 | _aSEG68 | ||
| 526 | _aSEG66 | ||
| 526 | _aSEG45 | ||
| 526 | _aSEG25 | ||
| 526 | _aSEG01 | ||
| 526 | _aP163 | ||
| 526 | _aP162 | ||
| 526 | _aP161 | ||
| 526 | _aP160 | ||
| 526 | _aP159 | ||
| 526 | _aP158 | ||
| 526 | _aP157 | ||
| 526 | _aP156 | ||
| 526 | _aP155 | ||
| 526 | _aP154 | ||
| 526 | _aP153 | ||
| 526 | _aP152 | ||
| 526 | _aP151 | ||
| 526 | _aP150 | ||
| 526 | _aP149 | ||
| 526 | _aP142 | ||
| 526 | _aP141 | ||
| 526 | _aP140 | ||
| 526 | _aP139 | ||
| 526 | _aP138 | ||
| 526 | _aP137 | ||
| 526 | _aP132 | ||
| 526 | _aP131 | ||
| 526 | _aP130 | ||
| 526 | _aP126 | ||
| 526 | _aP125 | ||
| 526 | _aP124 | ||
| 526 | _aP123 | ||
| 526 | _aP115 | ||
| 526 | _aP122 | ||
| 526 | _aP121 | ||
| 526 | _aP116 | ||
| 526 | _a P114 | ||
| 526 | _aP112 | ||
| 526 | _aP111 | ||
| 526 | _aP104 | ||
| 526 | _aP103 | ||
| 526 | _aP102 | ||
| 526 | _aP101 | ||
| 526 | _aP100 | ||
| 526 | _aP96 | ||
| 526 | _aP95 | ||
| 526 | _aP93 | ||
| 526 | _aP92 | ||
| 526 | _aP91 | ||
| 526 | _aP88 | ||
| 526 | _aP83 | ||
| 526 | _aP82 | ||
| 526 | _aP79 | ||
| 526 | _aP78 | ||
| 526 | _aP75 | ||
| 526 | _aP74 | ||
| 526 | _aP71 | ||
| 526 | _aP69 | ||
| 526 | _a P51 | ||
| 526 | _aP49 | ||
| 526 | _aP48 | ||
| 526 | _aP47 | ||
| 526 | _aP33 | ||
| 526 | _aP31 | ||
| 526 | _a P30 | ||
| 526 | _aP29 | ||
| 526 | _aP27 | ||
| 526 | _aP26 | ||
| 526 | _aP25 | ||
| 526 | _aP24 | ||
| 526 | _a P22 | ||
| 526 | _aP10 | ||
| 526 | _aP09 | ||
| 526 | _a P08 | ||
| 526 | _aP06 | ||
| 526 | _aP05 | ||
| 526 | _aP04 | ||
| 526 | _aP01 | ||
| 541 | _g015-0010007; | ||
| 650 | 0 | 4 |
_aRestaurantes, cafeterías, etc. _xAdministración. |
| 910 |
_bjv _cng _d20090219 |
||
| 942 |
_2ddc _cBOOK |
||
| 949 |
_a658.15937 G _wDEWEY _c1 _i59316 _d2015-10-6 _e2015-10-5 _lCCODEBUL1 _mBUL _n1 _p15.00 _r0 _sY _tBOOK _u2015-6-25 _xFCE _zADMI _0COMPRA _o.STAFF. Colección Ciencias Empresariales |
||
| 994 |
_aC0 _bPEPRU |
||
| 596 | _a1 | ||
| 999 |
_a658.15937 G _wDEWEY _c48105 _i59316 _d48105 _e2018-5-2 _f2021-11-8 _g6 _lCCODEBUL1 _mBUL _n5 _p15.00 _q5 _r0 _sY _tBOOK _u2015-6-25 _xFCE _PP04 _0COMPRA _o.STAFF. Colección Ciencias Empresariales |
||
| 980 |
_81 _gALBERTO SANCHEZ Responsable de Automatización |
||